[Event "CHN-ch (Women)"]
[Site "Xinghua"]
[Date "2024.05.14"]
[Round "9"]
[White "Xiao, Yiyi"]
[Black "Li, Xueyi"]
[Result "1/2-1/2"]
[WhiteElo "2349"]
[BlackElo "2212"]
[PlyCount "133"]
[EventDate "2024.05.06"]
[EventType "tourn"]
[EventRounds "11"]
[EventCountry "CHN"]
[EventCategory "1"]
[SourceTitle "CBM 220 Extra"]
[Source "ChessBase"]
[SourceDate "2024.07.31"]
[SourceVersion "1"]
[SourceVersionDate "2024.07.31"]
[SourceQuality "1"]

1. e4 c6 2. d4 d5 3. e5 Bf5 4. Nf3 e6 5. Be2 Nd7 6. 0-0 a5 7. a4 f6 8. Nh4 Be4 9. Nd2 Be7 10. f3 Bg6 11. Nxg6 hxg6 12. exf6 Bxf6 13. c3 c5 14. dxc5 Qc7 15. f4 Qxc5+ 16. Kh1 Ne7 17. g4 g5 18. Nb3 Qb6 19. Bb5 Ng6 20. Qd3 Nxf4 21. Bxf4 gxf4 22. g5 0-0-0 23. Bxd7+ Rxd7 24. gxf6 Qxb3 25. Qe2 e5 26. Qxe5 Qxb2 27. Qxf4 gxf6 28. Rae1 Qb6 29. Qf5 Qc7 30. Rf2 Kb8 31. Qxf6 Rdh7 32. Ree2 Ka8 33. Qd4 Rh4 34. Qxd5 Qxc3 35. Rf1 Qc7 36. Qg2 Rxh2+ 37. Qxh2 Rxh2+ 38. Rxh2 Qc6+ 39. Kg1 Qxa4 40. Rd2 Qg4+ 41. Kf2 Qf4+ 42. Ke2 Qe4+ 43. Kd1 a4 44. Re1 Qb1+ 45. Ke2 Qb4 46. Rc1 Qe4+ 47. Kd1 Qf3+ 48. Re2 Ka7 49. Rcc2 Qf1+ 50. Re1 Qd3+ 51. Kc1 Qa3+ 52. Kd1 Ka6 53. Re6+ Ka7 54. Ree2 Qb3 55. Kc1 a3 56. Rh2 Ka6 57. Rhe2 b5 58. Re8 Qd5 59. Rce2 Qh1+ 60. Re1 Qc6+ 61. Kb1 Qc3 62. R1e2 Qd3+ 63. Ka2 b4 64. R2e6+ Kb7 65. R8e7+ Kc8 66. Re8+ Kc7 67. R8e7+ 1/2-1/2

[Event "CHN-ch (Women)"]
[Site "Xinghua"]
[Date "2024.05.13"]
[Round "8"]
[White "Zhou, Yafei"]
[Black "Xiao, Yiyi"]
[Result "0-1"]
[WhiteElo "1835"]
[BlackElo "2349"]
[PlyCount "70"]
[EventDate "2024.05.06"]
[EventType "tourn"]
[EventRounds "11"]
[EventCountry "CHN"]
[EventCategory "1"]
[SourceTitle "CBM 220 Extra"]
[Source "ChessBase"]
[SourceDate "2024.07.31"]
[SourceVersion "1"]
[SourceVersionDate "2024.07.31"]
[SourceQuality "1"]

1. c4 e6 2. Nc3 c5 3. Nf3 Nf6 4. d4 cxd4 5. Nxd4 Nc6 6. g3 Qb6 7. Nb3 Ne5 8. e4 Bb4 9. Qe2 d6 10. f4 Nc6 11. Be3 Bxc3+ 12. bxc3 Qc7 13. Bg2 e5 14. f5 b6 15. 0-0 Ba6 16. g4 h6 17. h4 Nd8 18. Nd2 Rc8 19. g5 hxg5 20. hxg5 Nd7 21. g6 Nf6 22. Rad1 Nb7 23. Bg5 Bxc4 24. Nxc4 Qxc4 25. gxf7+ Kxf7 26. Qf3 Qxc3 27. Rd3 Qc5+ 28. Be3 Qb4 29. Qg3 Kf8 30. Rfd1 Qa4 31. a3 Qe8 32. Bg5 Qh5 33. a4 Rc3 34. Bxf6 Qxd1+ 35. Kf2 Rc2+ 0-1

[Event "CHN-ch (Women)"]
[Site "Xinghua"]
[Date "2024.05.12"]
[Round "7"]
[White "Xiao, Yiyi"]
[Black "Song, Yuxin"]
[Result "1/2-1/2"]
[WhiteElo "2349"]
[BlackElo "2381"]
[PlyCount "60"]
[EventDate "2024.05.06"]
[EventType "tourn"]
[EventRounds "11"]
[EventCountry "CHN"]
[EventCategory "1"]
[SourceTitle "CBM 220 Extra"]
[Source "ChessBase"]
[SourceDate "2024.07.31"]
[SourceVersion "1"]
[SourceVersionDate "2024.07.31"]
[SourceQuality "1"]

1. e4 c5 2. c3 d5 3. exd5 Qxd5 4. d4 Nf6 5. Nf3 e6 6. Na3 Nc6 7. Be3 cxd4 8. Nb5 Qd7 9. Nbxd4 Be7 10. Nxc6 Qxc6 11. Ne5 Qe4 12. Qd4 Qxd4 13. Bxd4 Nd5 14. Bb5+ Kf8 15. Be2 f6 16. Nd3 e5 17. Bf3 exd4 18. Bxd5 dxc3 19. bxc3 Bf5 20. Rd1 Rd8 21. c4 b5 22. 0-0 Bxd3 23. Rxd3 bxc4 24. Bxc4 Rxd3 25. Bxd3 Kf7 26. Re1 Bc5 27. h4 Rd8 28. Bc4+ Kg6 29. g3 Rd2 30. Re2 Rxe2 1/2-1/2

[Event "CHN-ch (Women)"]
[Site "Xinghua"]
[Date "2024.05.11"]
[Round "6"]
[White "Wang, Qinxuanyi"]
[Black "Xiao, Yiyi"]
[Result "1/2-1/2"]
[WhiteElo "2049"]
[BlackElo "2349"]
[PlyCount "135"]
[EventDate "2024.05.06"]
[EventType "tourn"]
[EventRounds "11"]
[EventCountry "CHN"]
[EventCategory "1"]
[SourceTitle "CBM 220 Extra"]
[Source "ChessBase"]
[SourceDate "2024.07.31"]
[SourceVersion "1"]
[SourceVersionDate "2024.07.31"]
[SourceQuality "1"]

1. d4 d5 2. c4 dxc4 3. e3 Nf6 4. Bxc4 e6 5. Nf3 a6 6. a4 b6 7. 0-0 Bb7 8. Nc3 c5 9. Qe2 Nbd7 10. Rd1 Qc7 11. d5 exd5 12. Nxd5 Nxd5 13. Bxd5 Bxd5 14. Rxd5 Be7 15. b3 Qb7 16. Rd3 0-0 17. Bb2 Nf6 18. Rad1 Rad8 19. Ne5 Rxd3 20. Qxd3 h6 21. Qf5 Rd8 22. Rxd8+ Bxd8 23. Ng4 Ne8 24. g3 Qe7 25. Qc8 Bc7 26. h4 Qd8 27. Qxd8 Bxd8 28. Ne5 f6 29. Nc4 b5 30. axb5 axb5 31. Nd2 f5 32. Kf1 Kf7 33. f3 g6 34. e4 f4 35. Be5 fxg3 36. Bxg3 h5 37. Nb1 Be7 38. Nc3 b4 39. Nd5 Bd6 40. f4 c4 41. bxc4 b3 42. Ke2 Nf6 43. Kd3 b2 44. Nc3 Bb4 45. Nb1 Nd7 46. f5 Nc5+ 47. Kc2 Nxe4 48. fxg6+ Kxg6 49. Be5 Be7 50. Bxb2 Bxh4 51. Nd2 Kf5 52. Kd3 Nc5+ 53. Ke2 Kf4 54. Bd4 Ne6 55. Be3+ Kg4 56. Ne4 Bd8 57. c5 h4 58. c6 Bc7 59. Kf2 Nd8 60. Nf6+ Kh3 61. Kf3 Nxc6 62. Ng4 Bg3 63. Nf2+ Kh2 64. Ng4+ Kh1 65. Nf2+ Bxf2 66. Bxf2 h3 67. Kg3 h2 68. Kh3 1/2-1/2

[Event "CHN-chT (Women)"]
[Site "Qingdao"]
[Date "2024.04.10"]
[Round "9.1"]
[White "Shen, Yang"]
[Black "Xiao, Yiyi"]
[Result "1/2-1/2"]
[WhiteElo "2396"]
[BlackElo "2342"]
[PlyCount "51"]
[EventDate "2024.04.02"]
[EventType "team-swiss"]
[EventRounds "9"]
[EventCountry "CHN"]
[SourceTitle "CBM 219 Extra"]
[Source "ChessBase"]
[SourceDate "2024.05.31"]
[SourceVersion "1"]
[SourceVersionDate "2024.05.31"]
[SourceQuality "1"]
[WhiteTeam "Jiangsu (W)"]
[BlackTeam "Tianjin (W)"]
[WhiteTeamCountry "CHN"]
[BlackTeamCountry "CHN"]

1. d4 Nf6 2. c4 g6 3. Nc3 d5 4. cxd5 Nxd5 5. e4 Nxc3 6. bxc3 Bg7 7. Nf3 c5 8. Rb1 0-0 9. Be2 cxd4 10. cxd4 Qa5+ 11. Bd2 Qxa2 12. 0-0 Bg4 13. Bg5 h6 14. Bxe7 Re8 15. Rxb7 Nc6 16. Bc5 Rxe4 17. Bd3 Rxd4 18. Bxd4 Nxd4 19. Be4 Ne2+ 20. Kh1 Nc3 21. Qc2 Qa6 22. Re1 Bf5 23. Qb3 Be6 24. Qc2 Bf5 25. Qb3 Be6 26. Qc2 1/2-1/2

[Event "CHN-chT (Women)"]
[Site "Qingdao"]
[Date "2024.04.07"]
[Round "6.1"]
[White "Chu, Ruotong"]
[Black "Xiao, Yiyi"]
[Result "1/2-1/2"]
[WhiteElo "2124"]
[BlackElo "2342"]
[PlyCount "59"]
[EventDate "2024.04.02"]
[EventType "team-swiss"]
[EventRounds "9"]
[EventCountry "CHN"]
[SourceTitle "CBM 219 Extra"]
[Source "ChessBase"]
[SourceDate "2024.05.31"]
[SourceVersion "1"]
[SourceVersionDate "2024.05.31"]
[SourceQuality "1"]
[WhiteTeam "Chengdu (W)"]
[BlackTeam "Tianjin (W)"]
[WhiteTeamCountry "CHN"]
[BlackTeamCountry "CHN"]

1. d4 e6 2. e4 d5 3. exd5 exd5 4. Nf3 Nc6 5. h3 Bd6 6. c4 dxc4 7. Bxc4 Nf6 8. 0-0 0-0 9. Nc3 Bf5 10. Bg5 h6 11. Bh4 g5 12. Bg3 Ne4 13. Nxe4 Bxe4 14. Ne5 Bxe5 15. dxe5 Qd4 16. Rc1 Rae8 17. Re1 Bf5 18. e6 fxe6 19. Qxd4 Nxd4 20. Bxc7 b5 21. Bf1 Rc8 22. Bd6 Rxc1 23. Rxc1 Rd8 24. Be5 a6 25. Rc7 Rd5 26. Rc8+ Kf7 27. Rc7+ Kg8 28. Rc8+ Kf7 29. Rc7+ Kg8 30. Rc8+ 1/2-1/2

[Event "CHN-chT (Women)"]
[Site "Qingdao"]
[Date "2024.04.06"]
[Round "5.1"]
[White "Xiao, Yiyi"]
[Black "Chen, Yining"]
[Result "1/2-1/2"]
[WhiteElo "2342"]
[BlackElo "2363"]
[PlyCount "95"]
[EventDate "2024.04.02"]
[EventType "team-swiss"]
[EventRounds "9"]
[EventCountry "CHN"]
[SourceTitle "CBM 219 Extra"]
[Source "ChessBase"]
[SourceDate "2024.05.31"]
[SourceVersion "1"]
[SourceVersionDate "2024.05.31"]
[SourceQuality "1"]
[WhiteTeam "Tianjin (W)"]
[BlackTeam "Guangdong (W)"]
[WhiteTeamCountry "CHN"]
[BlackTeamCountry "CHN"]

1. e4 c6 2. d4 d5 3. exd5 cxd5 4. Bd3 Nf6 5. h3 Nc6 6. c3 e5 7. dxe5 Nxe5 8. Nf3 Nxf3+ 9. Qxf3 Be7 10. 0-0 0-0 11. Be3 Be6 12. Nd2 Nd7 13. Nb3 Bf6 14. Rad1 Ne5 15. Qe2 Nc6 16. Be4 Na5 17. Qb5 Nxb3 18. axb3 a6 19. Qxb7 Rb8 20. Qc6 Rxb3 21. Bxd5 Bxd5 22. Rxd5 Qa8 23. Qxa8 Rxa8 24. Rd2 Rab8 25. Ra1 Rxb2 26. Rxb2 Rxb2 27. Rxa6 h5 28. Bd4 Bxd4 29. cxd4 Rd2 30. Ra4 Rd1+ 31. Kh2 Rd3 32. h4 g6 33. g3 Kg7 34. Kg2 Kf6 35. Kf1 Rd2 36. Ke1 Rb2 37. Ra3 Ke6 38. Re3+ Kd6 39. Re4 Ra2 40. Kf1 Rd2 41. Kg2 Rd3 42. g4 hxg4 43. Rxg4 Kd5 44. Rf4 Rxd4 45. Rxf7 Rxh4 46. Rf6 Rg4+ 47. Kf3 Ke5 48. Kxg4 1/2-1/2

[Event "CHN-chT (Women)"]
[Site "Qingdao"]
[Date "2024.04.05"]
[Round "4.1"]
[White "Wang, Chuqiao"]
[Black "Xiao, Yiyi"]
[Result "1/2-1/2"]
[WhiteElo "2302"]
[BlackElo "2342"]
[PlyCount "127"]
[EventDate "2024.04.02"]
[EventType "team-swiss"]
[EventRounds "9"]
[EventCountry "CHN"]
[SourceTitle "CBM 219 Extra"]
[Source "ChessBase"]
[SourceDate "2024.05.31"]
[SourceVersion "1"]
[SourceVersionDate "2024.05.31"]
[SourceQuality "1"]
[WhiteTeam "Chongqing (W)"]
[BlackTeam "Tianjin (W)"]
[WhiteTeamCountry "CHN"]
[BlackTeamCountry "CHN"]

1. d4 Nf6 2. c4 g6 3. Nc3 d5 4. cxd5 Nxd5 5. Bd2 Bg7 6. e4 Nxc3 7. Bxc3 0-0 8. Qd2 Nc6 9. Rd1 e5 10. d5 Nd4 11. Nf3 Nxf3+ 12. gxf3 Qh4 13. h3 Bd7 14. Rg1 f5 15. Qg5 Qxg5 16. Rxg5 Bf6 17. Rg1 Bh4 18. Bd3 Rae8 19. exf5 e4 20. Bxe4 Bxf5 21. Rd2 Bxe4 22. fxe4 Rxe4+ 23. Kf1 Be7 24. Rg4 Rxg4 25. hxg4 Bd6 26. Kg2 h5 27. gxh5 gxh5 28. Rd4 Rf5 29. Bb4 Rf4 30. Rxf4 Bxf4 31. Kh3 Kf7 32. Kh4 Kg6 33. Be7 Be5 34. Bd8 a6 35. b3 Bd6 36. Kh3 c6 37. dxc6 bxc6 38. Kh4 Be5 39. Be7 Bd4 40. Kg3 Kf5 41. Kh4 Bxf2+ 42. Kxh5 Be1 43. Kh6 Bc3 44. Kh5 a5 45. Bf8 Bb4 46. Bg7 Be1 47. Bf8 Bc3 48. Kh4 Kf4 49. Bd6+ Be5 50. Be7 Bd4 51. Bd6+ Kf3 52. Kg5 Ke4 53. Kg4 Bc3 54. Bc7 Bb4 55. Kg3 Ke3 56. Bb6+ Kd3 57. Kf3 Bc3 58. Bc7 Be1 59. Bb6 Bb4 60. Bc7 Kc2 61. Ke4 Kb2 62. Kd3 Kxa2 63. Kc4 Kb2 64. Bxa5 1/2-1/2

[Event "CHN-chT Div A Finals"]
[Site "Nanjing"]
[Date "2023.12.11"]
[Round "9.4"]
[White "Wang, Chuqiao"]
[Black "Xiao, Yiyi"]
[Result "1-0"]
[WhiteElo "2215"]
[BlackElo "2343"]
[PlyCount "77"]
[EventDate "2023.12.02"]
[EventType "team-tourn"]
[EventRounds "10"]
[EventCountry "CHN"]
[SourceTitle "CBM 217 Extra"]
[Source "ChessBase"]
[SourceDate "2024.01.31"]
[SourceVersion "1"]
[SourceVersionDate "2024.01.31"]
[SourceQuality "1"]
[WhiteTeam "Chongqing Sports Lottery"]
[BlackTeam "Tianjin"]
[WhiteTeamCountry "CHN"]
[BlackTeamCountry "CHN"]

1. d4 e6 2. c4 b6 3. Nf3 Bb7 4. g3 Bb4+ 5. Bd2 Bxd2+ 6. Qxd2 Bxf3 7. exf3 d5 8. Nc3 Nf6 9. cxd5 Nxd5 10. Bg2 Nc6 11. 0-0 Nxc3 12. bxc3 Ne7 13. f4 c6 14. Rfd1 0-0 15. a4 Qd6 16. Qe2 Rfd8 17. Be4 Rab8 18. h4 c5 19. Qh5 f5 20. Bc2 c4 21. Qe2 Qc6 22. Re1 Rd6 23. Bd1 Nd5 24. Qc2 Nf6 25. Re3 a6 26. Bf3 Qd7 27. Re5 h6 28. Rb1 b5 29. Rc5 Nd5 30. Rxc4 Rc8 31. Rxc8+ Qxc8 32. axb5 Qxc3 33. Qe2 axb5 34. Bxd5 exd5 35. Qe5 Qd3 36. Rc1 Rd8 37. Rc7 Qd1+ 38. Kg2 Qg4 39. h5 1-0

[Event "CHN-chT Div A Finals"]
[Site "Nanjing"]
[Date "2023.12.05"]
[Round "4.4"]
[White "Song, Yuxin"]
[Black "Xiao, Yiyi"]
[Result "1/2-1/2"]
[WhiteElo "2397"]
[BlackElo "2343"]
[PlyCount "60"]
[EventDate "2023.12.02"]
[EventType "team-tourn"]
[EventRounds "10"]
[EventCountry "CHN"]
[SourceTitle "CBM 217 Extra"]
[Source "ChessBase"]
[SourceDate "2024.01.31"]
[SourceVersion "1"]
[SourceVersionDate "2024.01.31"]
[SourceQuality "1"]
[WhiteTeam "Shenzhen Pengcheng"]
[BlackTeam "Tianjin"]
[WhiteTeamCountry "CHN"]
[BlackTeamCountry "CHN"]

1. e4 c5 2. Nf3 e6 3. d4 cxd4 4. Nxd4 a6 5. c4 Nf6 6. Nc3 Bb4 7. Qd3 Qc7 8. a3 Bxc3+ 9. Qxc3 0-0 10. f3 Re8 11. Be2 d5 12. cxd5 Qxc3+ 13. bxc3 exd5 14. exd5 Nxd5 15. Bd2 Bd7 16. c4 Nc6 17. Nxc6 Bxc6 18. Kf2 Nc7 19. Ba5 Ne6 20. Bb6 Nf4 21. Rhe1 Nxe2 22. Rxe2 Rxe2+ 23. Kxe2 Re8+ 24. Kf2 f5 25. Re1 Rxe1 26. Kxe1 Kf7 27. Ke2 Ke6 28. Ke3 g6 29. g3 h5 30. h4 Ba4 1/2-1/2